000 01846nam0a2200373 4500
001 RU\NLR\BIBL_A\022345408
005 20260420015500.0
010 _a978-5-6051583-8-7
_924
021 _aRU
_bКН-П-24-050090
_9КН-П-24-4979
035 _a(NLR Aleph) 022345408
090 _a13666652
_c13666652
100 _a20241008d2024 k y0rusy50 ca
101 0 _arus
_deng
102 _aRU
105 _aa z 000yy
181 0 _ai
_baxxe
182 0 _an
200 1 _aРоссия и Армения: история и современность
_eсборник научных статей
_fЯрославское отделение Российского исторического общества, Ярославское отделение Российской ассоциации политической науки
_gпод ред.: А. В. Урядовой, Л. Г. Титовой
203 _aТекст
_bвизуальный
_cнепосредственный
210 _aЯрославль
_cФилигрань
_d2024
215 _a119 с.
_cил.
_d21
300 _aРез. англ.
320 _aБиблиогр. в конце ст.
607 _aРоссия
_jСборники
_xВзаимоотношения
_yАрмения
_92613632
_3RU\NLR\AUTH\661550190
607 _aАрмения
_jСборники
_xВзаимоотношения
_yРоссия
_92613634
_3RU\NLR\AUTH\661550192
686 1 _aТ3(2)0-64(5Ар)я43
686 1 _aТ3(5Ар)0-64(2)я43
702 1 _aУрядова
_bА. В.
_gАнна Владимировна
_4340
712 0 2 _4570
_aРоссийское историческое общество
_bЯрославское отделение
_92644437
_3RU\NLR\AUTH\880616796
942 _cBOOK
980 _aNB